| Tag |
First Indicator |
Second Indicator |
Subfields |
| LEADER |
00000cam a2200000 a 4500 |
| 001 |
in00000097011 |
| 005 |
20150924084905.0 |
| 008 |
790827s1980 nyua j 00110 engm |
| 010 |
|
|
|a 79020698
|
| 020 |
|
|
|a 0394841913
|
| 020 |
|
|
|a 0394941918 (lib. bdg.)
|
| 035 |
|
|
|a (OCoLC)05412118
|
| 035 |
|
|
|9 AAK8880AM
|
| 040 |
|
|
|a DLC
|c DLC
|d m.c.
|d OCL
|d TXA
|d UtOrBLW
|
| 049 |
|
|
|a [Coll Col] TXAM
|c [952414]
|
| 050 |
0 |
0 |
|a QL49
|b S5168
|
| 082 |
0 |
|
|a 574
|
| 100 |
1 |
|
|a Silverstein, Alvin.
|
| 245 |
1 |
0 |
|a Nature's champions :
|b the biggest, the fastest, the best /
|c by Alvin and Virginia Silverstein ; illustrated by Jean Zallinger.
|
| 264 |
|
1 |
|a New York :
|b Random House,
|c [1980]
|
| 264 |
|
4 |
|c ©1980
|
| 300 |
|
|
|a 68 pages :
|b illustrations (some color) ;
|c 29 cm.
|
| 336 |
|
|
|a text
|b txt
|2 rdacontent
|
| 337 |
|
|
|a unmediated
|b n
|2 rdamedia
|
| 338 |
|
|
|a volume
|b nc
|2 rdacarrier
|
| 500 |
|
|
|a Includes index.
|
| 520 |
|
|
|a Discusses more than 25 plants and animals that have unusual distinctions such as fastest runner, biggest eater, largest cactus, and oldest living thing.
|
| 650 |
|
0 |
|a Zoology
|x Miscellanea
|v Juvenile literature.
|
| 650 |
|
0 |
|a Botany
|x Miscellanea
|x Juvenile literature.
|
| 650 |
|
1 |
|a Animals
|x Miscellanea.
|
| 650 |
|
1 |
|a Plants
|x Miscellanea.
|
| 700 |
1 |
|
|a Silverstein, Virginia B.
|
| 700 |
1 |
|
|a Zallinger, Jean.
|
| 999 |
|
|
|a MARS
|
| 999 |
f |
f |
|s 13740979-05d0-3e9d-a937-b06b263c2bc4
|i 37a69bc4-ca7e-3964-aa69-87ae61daf930
|t 0
|
| 952 |
f |
f |
|p ric
|a Texas A&M University
|b Rellis Campus
|c Joint Library Facility
|d Remote Storage
|t 0
|e QL49 S5168
|h Library of Congress classification
|i unmediated -- volume
|m A14806040550
|
| 998 |
f |
f |
|a QL49 S5168
|t 0
|l Remote Storage
|